Other side of me (Record no. 107825)
[ view plain ]
| 000 -LEADER | |
|---|---|
| fixed length control field | 02517nam a2200217Ia 4500 |
| 003 - CONTROL NUMBER IDENTIFIER | |
| control field | OSt |
| 005 - DATE AND TIME OF LATEST TRANSACTION | |
| control field | 20260502095315.0 |
| 008 - FIXED-LENGTH DATA ELEMENTS--GENERAL INFORMATION | |
| fixed length control field | 210210b2005 xxu||||| |||| 00| 0 eng d |
| 020 ## - INTERNATIONAL STANDARD BOOK NUMBER | |
| International Standard Book Number | 9780007228003 |
| 040 ## - CATALOGING SOURCE | |
| Transcribing agency | AL |
| 041 ## - LANGUAGE CODE | |
| Language code of text/sound track or separate title | English |
| 082 ## - DEWEY DECIMAL CLASSIFICATION NUMBER | |
| Classification number | 813.54 SHEO |
| 100 ## - MAIN ENTRY--PERSONAL NAME | |
| Personal name | Sidney Sheldon |
| 100 ## - MAIN ENTRY--PERSONAL NAME | |
| 9 (RLIN) | 263201 |
| 245 ## - TITLE STATEMENT | |
| Title | Other side of me |
| 260 ## - PUBLICATION, DISTRIBUTION, ETC. | |
| Place of publication, distribution, etc. | New York |
| Name of publisher, distributor, etc. | Harper & Collins Publishers |
| Date of publication, distribution, etc. | 2005 |
| 300 ## - PHYSICAL DESCRIPTION | |
| Extent | 369p |
| 520 ## - SUMMARY, ETC. | |
| Summary, etc. | The Sheldon family were immigrants to the USA; a fairly dysfunctional family, constantly on the move, either fleeing debt crises or seeking possible employment all over the country. In the 1930's America's economy was in crisis, businesses were folding everywhere and more than thirteen million people lost their jobs. Sidney attended eleven different schools, worked by night at manual and temporary jobs. Sidney had always wanted to write and even when working as a busboy in a Chicago hotel managed to write for the local newspaper. But it was song-writing and radio that gave him his first break.In New York he worked as a barker for Radio City Music Hall, carrying on writing, seeking music publishers and choosing whether to have a hot dog for five cents and walk thirty-five blocks home or not to eat and take the subway home. Moving on to the Californian dream, he found a boarding house full of people with dreams and haunted the studio gates for a job as a writer, a reader, anything. His skill and persistence won and Sidney Sheldon's career had begun. But shortly afterwards, Pearl Harbor led to his joining the Army Air Corps and learning to fly.Amazingly, between training and flying, the indefatigable Sheldon started writing librettos for New York musical theatre, starting with an updated version of The Merry Widow (Balanchine was the choreographer), meeting stars like Kirk Douglas at the beginning of their careers, finding as many flops as successes. Returning to Hollywood, he found his screenplay career took off. He worked with actors like Cary Grant, Shirley Temple; with legendary producers like David Selznick and Dory Schar; and musical stars like Irving Berlin, Judy Garland and Gene Kelly. This is the amazing story of how Sidney Sheldon turned to writing television series and finally the books for which we all know him.The Other Side of Me is a wonderful story of a remarkable life, and of a man who has tried his hand at, and succeeded in, every form of writing. |
| 690 ## - LOCAL SUBJECT ADDED ENTRY--TOPICAL TERM (OCLC, RLIN) | |
| Topical term or geographic name as entry element | American English Fiction |
| 9 (RLIN) | 173267 |
| 906 ## - LOCAL DATA ELEMENT F, LDF (RLIN) | |
| a | 061167 |
| 942 ## - ADDED ENTRY ELEMENTS (KOHA) | |
| Source of classification or shelving scheme | Dewey Decimal Classification |
| Koha item type | Book |
| Withdrawn status | Lost status | Source of classification or shelving scheme | Damaged status | Not for loan | Collection code | Home library | Current library | Date acquired | Source of acquisition | Cost, normal purchase price | Total Checkouts | Full call number | Barcode | Date last seen | Price effective from | Koha item type |
|---|---|---|---|---|---|---|---|---|---|---|---|---|---|---|---|---|
| Dewey Decimal Classification | English | St Aloysius Library | St Aloysius Library | 02/17/2021 | Higginbothams Pvt. Ltd. Mangalore 01 | 195.00 | 813.54 SHEO | 061167 | 02/17/2021 | 07/18/2006 | Book |